00472nam a22001697a 450000500170000001000150001702000110003203500140004303700130005708200090007010000270007924500580010626000470016427000670021130000210027870000030029920250131113350.0 aENG-143678 c150.00 aEN-127210 bDBAD/PUB aS21 aRao nageswara penumaka aThe Nectar of Life/cRao Nageswara Penumaka hEnglish aAndhra Pradesh brainbow print Pack c2015 a7-1-548, behind hanuman temple, ameerpet, bHyderabad e500016 a118p;c22CM(pbk)